Human Development top 100-140 of 2023 - Statistics

General Stats
  • This quiz has been taken 18 times
  • The average score is 23 of 40
Answer Stats
Rank Country Score Continent % Correct
134 Guatemala 0,627 North America
75%
131 India 0,633 Asia
75%
113 Indonesia 0,705 Asia
75%
139 Laos 0,607 Asia
75%
105 ST Lucia 0,715 North America
75%
114 Vietnam 0,703 Asia
75%
128 Bangladesh 0,661 Asia
67%
122 Belize 0,683 North America
67%
126 Bhutan 0,666 Asia
67%
117 Bolivia 0,692 South America
67%
116 Botswana 0,693 Africa
67%
124 El Salvador 0,675 North America
67%
132 Ghana 0,632 Africa
67%
107 Guyana 0,714 South America
67%
102 Jordan 0,720 Asia
67%
103 Libya 0,718 Africa
67%
125 Nicaragua 0,667 North America
67%
104 Paraguay 0,717 South America
67%
108 South Africa 0,713 Africa
67%
121 Tajikistan 0,685 Asia
67%
119 Venezuela 0,691 South America
67%
120 Iraq 0,686 Asia
58%
109 Jamaica 0,709 North America
58%
129 Tuvalu 0,641 Oceania
58%
101 Dominica 0,720 North America
50%
111 Gabon 0,706 Africa
50%
135 Kiribati 0,624 Oceania
50%
112 Lebanon 0,706 Asia
50%
123 Morocco 0,683 Africa
50%
138 Namibia 0,615 Africa
50%
115 Philippines 0,699 Asia
50%
110 Samoa 0,707 Oceania
50%
140 Timor-Leste 0,607 Asia
50%
127 Cape Verde 0,662 Africa
42%
118 Kyrgyzstan 0,692 Asia
42%
133 Micronesia 0,628 Oceania
42%
130 Marshall Islands 0,639 Oceania
33%
136 Honduras 0,621 North America
25%
137 Sao Tome and Principe 0,618 Africa
25%
106 Palestine 0,715 Asia
17%
No matching quizzes found
Score Distribution
Percent of People with Each Score
Percentile by Number Answered
Your Score History
You have not taken this quiz